Motívy, prínosy a riziká podnikových sociálnych inovácii

Definícia vnímania obsahu vybraných pojmov používaných v oblasti sociálnych inovácií. Identifikácia a skúmanie vybraných problémov, aktivít, motívov, prínosov a rizík zavádzania sociálnych inovácií. Preskúmanie súčasného stavu tejto problematiky v slovenských podnikoch.

Na minha lista:
Detalhes bibliográficos
Autor principal: Matušovič, Martin
Formato: Capítulo de Livro
Idioma:eslovaco
Assuntos:
Tags: Adicionar Tag
Sem tags, seja o primeiro a adicionar uma tag!

MARC

LEADER 00000nla a2200000 4500
001 0240223
005 20240523115655.5
041 0 |a slo 
044 |a SK 
245 1 0 |a Motívy, prínosy a riziká podnikových sociálnych inovácii  |c Martin Matušovič 
520 |a Definícia vnímania obsahu vybraných pojmov používaných v oblasti sociálnych inovácií. Identifikácia a skúmanie vybraných problémov, aktivít, motívov, prínosov a rizík zavádzania sociálnych inovácií. Preskúmanie súčasného stavu tejto problematiky v slovenských podnikoch. 
610 2 0 |a inovácie sociálne 
610 2 0 |a podnik 
610 2 0 |a riziko 
610 2 0 |a benefity 
610 2 0 |a výhody konkurenčné 
610 2 0 |a systémy sociálne 
610 2 0 |a vzťahy medziľudské 
100 1 |a Matušovič, Martin